Personnage de Cars - Statistiques

Statistiques générales
  • Ce quiz a été pris 712 fois
  • Le résultat moyen est 13 sur 44
Statistiques - réponses
Par images Réponse % Correct
Lightning McQueen
100%
Mater (Martin)
92%
Sally
86%
Luigi
79%
Doc Hudson
71%
King dinoco
70%
Guido
69%
Finn McMissile
52%
Jackson Storm
52%
Chick Hicks
51%
Sarge (Sergent)
51%
Fillmore
48%
Cruz Ramirez
47%
Sheriff
44%
Francesco Bernoulli
43%
Ramone
43%
Flo
39%
Professeur Zündapp
35%
Raoul ÇaRoule
29%
Lewis Hamilton
21%
Carla Veloso
19%
Tex
19%
Holley Shiftwell
18%
Mia et Tia
18%
Michael Schumacher
14%
Miguel Camino
12%
Acer
11%
Darrell Cartrip
11%
Jeff Gorvette
11%
Miles Axlerod
11%
Grem
10%
Cal Weathers
9%
Oncle Topolino
9%
Miss Fritter
8%
Leland Turbo
7%
Bobby Swift
6%
Mama Topolino
5%
Brent Mustangberger
4%
Rod Redline
4%
Siddeley
4%
Bob Cutlas
2%
David Hobbscap
2%
John Lassetire
1%
Jeff Gordon
0%
Aucun quiz correspondant
Distribution des résultats
% des personnes avec chaque résultat
Percentile par nombre de réponses
Votre historique - résultats
Vous n’avez pas pris ce quiz